Vista normal Vista MARC

Entrada Meeting Name

Número de registros utilizados en: 1

001 - CONTROL NUMBER

  • control field: 37010

003 - CONTROL NUMBER IDENTIFIER

  • control field: OSt

005 - DATE AND TIME OF LATEST TRANSACTION

  • control field: 20210420123553.0

008 - FIXED-LENGTH DATA ELEMENTS

  • fixed length control field: 210420|| aca||aabn | a|a d

040 ## - CATALOGING SOURCE

  • Original cataloging agency: OSt
  • Transcribing agency: OSt

111 ## - HEADING--MEETING NAME

  • Meeting name or jurisdiction name as entry element: Jornadas do Instituto Latinoamericano de Derecho Tributario
  • Number of part/section/meeting: (11a :
  • Date of meeting or treaty signing: 1983 :
  • Location of meeting: Rio de Janeiro)

670 ## - SOURCE DATA FOUND

  • Source citation: Work cat.: (OSt)7590: 14873, Anais das XI Jornadas do Instituto Latinoamericano de Derecho Tributario / , 1983